Word Scramble Chain - Islands - Statistics

General Stats
  • This quiz has been taken 42 times
  • The average score is 11 of 17
Answer Stats
Scramble Island % Correct
thorn North
90%
aihaiw Hawai'i
87%
shoder Rhodes
77%
voned Devon
74%
eldrian Ireland
74%
tinas netvinc Saint Vincent
74%
tsohu South
74%
kainowa Okinawa
71%
minicado Dominica
68%
énroiun Réunion
68%
moirt Timor
68%
laxreeand Alexander
55%
diakoohk Hokkaido
52%
snogre Negros
48%
lnnnedduowfa Newfoundland
45%
nambo Ambon
32%
Mystery Island: Hispaniola
19%
No matching quizzes found
Score Distribution
Percent of People with Each Score
Percentile by Number Answered
Your Score History
You have not taken this quiz